| 000 | 00000nam##2200000za#4500 |
| 001 | 9.697217 |
| 003 | CaOODSP |
| 005 | 20220125145842 |
| 007 | cr ||||||||||| |
| 008 | 150407|2003||||xxc|||||o f|0| 0 eng|d |
| 040 | |aCaOODSP|beng |
| 043 | |an-cn--- |
| 086 | 1 |aD2-316/2003E-PDF |
| 110 | 1 |aCanada. |bDepartment of National Defence. |
| 245 | 10|aFuture force : |h[electronic resource]|bconcepts for future army capabilities / |c[by] Directorate of Land Strategic Concepts, Kingston, Ontario. |
| 260 | |aOttawa - Ontario : |bNational Defence |c2003. |
| 300 | |a228p.|bfigs., graphs, references |
| 590 | |a13-03-Supp|b2013-02-11 |
| 690 | 07|aArmed forces|2gcpds |
| 690 | 07|aFuture|2gcpds |
| 775 | 08|tLa force de demain : |w(CaOODSP)9.641284 |
| 856 | 40|ahttp://publications.gc.ca|qPDF|s6.52 MB|uhttps://publications.gc.ca/collections/collection_2013/dn-nd/D2-316-2003-eng.pdf |